<?xml version="1.0" encoding="UTF-8"?>
<record
    xmlns:xsi="http://www.w3.org/2001/XMLSchema-instance"
    xsi:schemaLocation="http://www.loc.gov/MARC21/slim http://www.loc.gov/standards/marcxml/schema/MARC21slim.xsd"
    xmlns="http://www.loc.gov/MARC21/slim">

  <leader>03869nam a2200469 a 4500</leader>
  <controlfield tag="003">CHAP</controlfield>
  <controlfield tag="005">20240913132951.0</controlfield>
  <controlfield tag="007">cr ||||||a|c|a</controlfield>
  <controlfield tag="008">101027s2010    mx      r     00010 spa d</controlfield>
  <datafield tag="035" ind1=" " ind2=" ">
    <subfield code="a">111258</subfield>
  </datafield>
  <datafield tag="040" ind1=" " ind2=" ">
    <subfield code="c">CHAP</subfield>
  </datafield>
  <datafield tag="090" ind1=" " ind2=" ">
    <subfield code="a">Tesis</subfield>
  </datafield>
  <datafield tag="100" ind1="1" ind2=" ">
    <subfield code="a">Vega Ruiz, Rafael</subfield>
    <subfield code="9">118300</subfield>
  </datafield>
  <datafield tag="245" ind1="1" ind2="0">
    <subfield code="a">Cantidad de precipitaci&#xF3;n a diferentes niveles de probabilidad, estimada con precipitaci&#xF3;n media en los estados de Chihuahua, Jalisco y Tabasco</subfield>
    <subfield code="c">/por Rafael Vega Ruiz; director Ram&#xF3;n Arteaga Ram&#xED;rez</subfield>
  </datafield>
  <datafield tag="264" ind1=" " ind2="1">
    <subfield code="a">Chapingo, M&#xE9;x. :</subfield>
    <subfield code="b">El autor,</subfield>
    <subfield code="c">2010.</subfield>
  </datafield>
  <datafield tag="300" ind1=" " ind2=" ">
    <subfield code="a">1 recurso en l&#xED;nea (137 p&#xE1;ginas):</subfield>
    <subfield code="b">figuras, tablas</subfield>
  </datafield>
  <datafield tag="336" ind1=" " ind2=" ">
    <subfield code="2">rdacontent</subfield>
    <subfield code="a">texto</subfield>
    <subfield code="b">txt</subfield>
  </datafield>
  <datafield tag="337" ind1=" " ind2=" ">
    <subfield code="2">rdamedia</subfield>
    <subfield code="a">computadora</subfield>
    <subfield code="b">c</subfield>
  </datafield>
  <datafield tag="338" ind1=" " ind2=" ">
    <subfield code="2">rdacarrier</subfield>
    <subfield code="a">recursos en linea</subfield>
    <subfield code="b">cr</subfield>
  </datafield>
  <datafield tag="502" ind1=" " ind2=" ">
    <subfield code="b">II</subfield>
    <subfield code="c">Irrigaci&#xF3;n</subfield>
    <subfield code="d">2010</subfield>
    <subfield code="g">LIC</subfield>
  </datafield>
  <datafield tag="520" ind1=" " ind2=" ">
    <subfield code="a">En el presente trabajo se desarroll&#xF3; una mejor, sencilla y nueva forma de presentar los datos de probabilidad de lluvia que aparecen en Precipitaci&#xF3;n y Probabilidad de la Lluvia en la Rep&#xFA;blica Mexicana y su Situaci&#xF3;n (UNAM y CETENAL, 1979, 1981 y 1985), con motivo de hacer m&#xE1;s viable el uso de dicha informaci&#xF3;n climatol&#xF3;gica. Se analiz&#xF3; la precipitaci&#xF3;n de los estados de Chihuahua, Jalisco y Tabasco en las formas de precipitaci&#xF3;n anual, mensual, de los ciclos mayo a octubre y noviembre a abril. Con los datos de las estaciones climatol&#xF3;gicas de cada estado se elaboraron gr&#xE1;ficas de precipitaci&#xF3;n a partir de una distribuci&#xF3;n Gamma, 15 por cada estaci&#xF3;n (una para cada mes, una anual, otra del ciclo mayo a octubre y la &#xFA;ltima para el ciclo noviembre a abril), estas mismas se utilizaron para extraer datos de precipitaci&#xF3;n en mil&#xED;metros para los niveles de probabilidad de 20%, 40%, 60% y 80%, lo cual se hizo manualmente con l&#xE1;piz, escuadras y calculadora. Con estos datos y la precipitaci&#xF3;n media para cada caso, se obtuvieron un total de 48 modelos de regresi&#xF3;n lineal, esto es, uno para cada nivel de probabilidad que son cuatro y esto por cada forma de precipitaci&#xF3;n, o sea, otras cuatro veces, 16 modelos por estado. Con los modelos se pretende hacer un mejor uso de la informaci&#xF3;n de la base de datos, es decir, se obtiene la precipitaci&#xF3;n a un cierto nivel de probabilidad a partir de la precipitaci&#xF3;n media de un lugar con solo sustituir en el modelo correspondiente. Adem&#xE1;s, se hace una verificaci&#xF3;n con datos de un 20% de estaciones de cada estado para los cuatro tipos de precipitaci&#xF3;n ya que previamente el otro 80% se utiliz&#xF3; para la obtenci&#xF3;n de los modelos, y &#xE9;stos se prueban en el 20% restante. Se comparan los resultados, el obtenido manualmente y el de los modelos; lo mismo se hizo con gr&#xE1;ficas y mapas de densidad de precipitaci&#xF3;n. En conclusi&#xF3;n, los resultados fueron positivos, los modelos confiables y la aplicaci&#xF3;n de esta metodolog&#xED;a muy recomendable para otros proyectos similares que se pudieran elaborar.</subfield>
  </datafield>
  <datafield tag="590" ind1=" " ind2=" ">
    <subfield code="a">ALEPH</subfield>
    <subfield code="b">10</subfield>
    <subfield code="c">20130110</subfield>
  </datafield>
  <datafield tag="590" ind1=" " ind2=" ">
    <subfield code="a">BATCH-UPD</subfield>
    <subfield code="b">10</subfield>
    <subfield code="c">20130110</subfield>
  </datafield>
  <datafield tag="590" ind1=" " ind2=" ">
    <subfield code="a">BATCH-UPD</subfield>
    <subfield code="b">10</subfield>
    <subfield code="c">20130410</subfield>
  </datafield>
  <datafield tag="590" ind1=" " ind2=" ">
    <subfield code="a">BATCH-UPD</subfield>
    <subfield code="b">10</subfield>
    <subfield code="c">20130914</subfield>
  </datafield>
  <datafield tag="590" ind1=" " ind2=" ">
    <subfield code="a">BATCH-UPD</subfield>
    <subfield code="b">10</subfield>
    <subfield code="c">20140324</subfield>
  </datafield>
  <datafield tag="590" ind1=" " ind2=" ">
    <subfield code="a">BATCH-UPD</subfield>
    <subfield code="b">10</subfield>
    <subfield code="c">20141002</subfield>
  </datafield>
  <datafield tag="590" ind1=" " ind2=" ">
    <subfield code="a">CONVERSION</subfield>
    <subfield code="b">10</subfield>
    <subfield code="c">20130109</subfield>
  </datafield>
  <datafield tag="650" ind1="1" ind2="4">
    <subfield code="a">Estaciones meteorol&#xF3;gicas.</subfield>
    <subfield code="9">38196</subfield>
  </datafield>
  <datafield tag="650" ind1="1" ind2="4">
    <subfield code="a">Lluvia.</subfield>
    <subfield code="9">67312</subfield>
  </datafield>
  <datafield tag="650" ind1="1" ind2="4">
    <subfield code="a">Precipitaci&#xF3;n (Meteorolog&#xED;a)</subfield>
    <subfield code="x">Chihuahua.</subfield>
    <subfield code="9">91352</subfield>
  </datafield>
  <datafield tag="650" ind1="1" ind2="4">
    <subfield code="a">Precipitaci&#xF3;n (Meteorolog&#xED;a)</subfield>
    <subfield code="x">Jalisco.</subfield>
    <subfield code="9">91353</subfield>
  </datafield>
  <datafield tag="650" ind1="1" ind2="4">
    <subfield code="a">Precipitaci&#xF3;n (Meteorolog&#xED;a)</subfield>
    <subfield code="x">Tabasco.</subfield>
    <subfield code="9">91356</subfield>
  </datafield>
  <datafield tag="700" ind1="0" ind2=" ">
    <subfield code="a">Arteaga Ram&#xED;rez, Ram&#xF3;n</subfield>
    <subfield code="9">7725</subfield>
    <subfield code="e">Director</subfield>
  </datafield>
  <datafield tag="856" ind1=" " ind2=" ">
    <subfield code="u">http://10.13.5.2/tesis/111258.pdf</subfield>
    <subfield code="z">DESCARGAR PDF</subfield>
  </datafield>
  <datafield tag="901" ind1=" " ind2=" ">
    <subfield code="a">BK</subfield>
  </datafield>
  <datafield tag="942" ind1=" " ind2=" ">
    <subfield code="c">TD</subfield>
    <subfield code="2">Clasificaci&#xF3;n Universidad Aut&#xF3;noma Chapingo</subfield>
  </datafield>
  <datafield tag="949" ind1=" " ind2=" ">
    <subfield code="a">Teisis</subfield>
    <subfield code="b">BC</subfield>
    <subfield code="c">TES</subfield>
    <subfield code="d">33724002214082</subfield>
    <subfield code="e">TS2</subfield>
    <subfield code="f">c.2</subfield>
    <subfield code="g">Donaci&#xD8;n</subfield>
    <subfield code="h">51224</subfield>
    <subfield code="i">111258</subfield>
    <subfield code="s">b</subfield>
  </datafield>
  <datafield tag="949" ind1=" " ind2=" ">
    <subfield code="a">Tesis</subfield>
    <subfield code="b">BC</subfield>
    <subfield code="c">TES</subfield>
    <subfield code="d">33724002214066</subfield>
    <subfield code="e">TS1</subfield>
    <subfield code="g">Donaci&#xD8;n</subfield>
    <subfield code="h">51223</subfield>
    <subfield code="i">111258</subfield>
    <subfield code="s">b</subfield>
  </datafield>
  <datafield tag="999" ind1=" " ind2=" ">
    <subfield code="c">99600</subfield>
    <subfield code="d">99600</subfield>
  </datafield>
  <datafield tag="952" ind1=" " ind2=" ">
    <subfield code="0">0</subfield>
    <subfield code="1">0</subfield>
    <subfield code="2">local</subfield>
    <subfield code="4">0</subfield>
    <subfield code="5">1</subfield>
    <subfield code="7">0</subfield>
    <subfield code="8">TesDigL</subfield>
    <subfield code="a">BD</subfield>
    <subfield code="b">BD</subfield>
    <subfield code="c">E_L</subfield>
    <subfield code="d">2019-12-31</subfield>
    <subfield code="e">Donacion</subfield>
    <subfield code="f">TESIS</subfield>
    <subfield code="l">0</subfield>
    <subfield code="o">Tesis digital</subfield>
    <subfield code="r">2019-12-31 00:00:00</subfield>
    <subfield code="w">2024-09-10</subfield>
    <subfield code="y">TD</subfield>
  </datafield>
</record>
